000
00295nam a22001337a 4500
008
171113b xxu||||| |||| 00| 0 eng d
020
_a
9780071106887
041
_a
eng
080
_2
6 ED
_a
338
100
_a
63
101
_a
MEN
245
_a
RELATILING MANAGEMENT
_c
LEVY.W
942
_2
udc
_c
BK
999
_c
38256
_d
38256